Thai cities - Sudden Death - Statistics

General Stats
  • This quiz has been taken 91 times
  • The average score is 7 of 10
Answers on the Grid
Answers color-coded by a green-red scale on the quiz's grid according to % correct below.
Thiruvananthapuram
Nakhon Si Thammarat
Bangkok
Pattaya
Chiang Mai
Phuket
Ayutthaya
Chiang Rai
Krabi
Sukhothai
Hua Hin
Utrecht
Siem Reap
Surabaya
Gwangju
Ioannina
Guayaquil
Mashhad
Novosibirsk
Lucknow
 
Answer Stats
Answer % Correct
Phuket
82%
Chiang Mai
80%
Bangkok
78%
Pattaya
77%
Chiang Rai
70%
Ayutthaya
68%
Nakhon Si Thammarat
68%
Krabi
65%
Sukhothai
58%
Hua Hin
57%
No matching quizzes found
Score Distribution
Percent of People with Each Score
Percentile by Number Answered
Your Score History
You have not taken this quiz